Ramadhan terakhir

Bibliographic Details
Main Author: Hisham AR 1964-
Format: Book
Published: Petaling Jaya : Galeri Ilmu Sdn. Bhd. , 2011
Subjects:

MARC

LEADER 00000cam a2200000 7i4500
001 0000172425
005 20130424.0
020 |a 9789830973258 
090 0 0 |a 297.362   |b HIS 
100 0 |a Hisham AR   |c 1964- 
245 1 0 |a Ramadhan terakhir   |c Hisham AR 
260 |a Petaling Jaya :   |b Galeri Ilmu Sdn. Bhd. ,   |c 2011 
300 |a 198p. ;   |c 22cm. 
650 0 0 |a Fasting   |x Religious aspects   |x Islam 
650 0 0 |a Fasts and feasts   |x Islam 
650 0 0 |a Ramadan 
999 |a 00274780   |b BUKU   |c PINJAMAN   |e PERPUSTAKAAN KOMUNITI PETALING JAYA 
999 |a 00352772   |b BUKU   |c PINJAMAN   |e PERPUSTAKAAN KOMUNITI CAW TAMAN MEDAN